Stati per tasso di crescita della popolazione - Africa - Statistics

Statistiche generali
  • Questo quiz è stato fatto 4 volte
  • Il punteggio medio è 6 su 10
Statistiche sulle risposte
Tasso di crescita (%) Nazione % Corretto
3,34 Angola
100%
3,13 Repubblica Democratica del Congo
100%
3,56 Burundi
75%
3,05 Ciad
75%
2,93 Mali
75%
3,66 Niger
75%
3,22 Uganda
75%
3,31 Benin
25%
3,36 Guinea Equatoriale
25%
4,78 Sud Sudan
0%
Nessun quiz corrispondente trovato
Distribuzione punteggi
Percentuale di utenti per punteggio
Percentile per numero di risposta
I tuoi punteggi nel tempo
Non hai fatto questo quiz